Bienvenue à la Médiathèque de Saint-Andiol
banniere
Accueil Recherche avancée Mon compte
handi1 Rechercher dans le catalogue

Filtre   Mots-clés
  Recherche avancée
 
Lister les dernières nouveautés
 
Lister les livres GROS CARACTERES
 
Lister les périodiques (magazines)

handi1 Crète party

Book Cover
Auteur principal : Christophe Cazenove
Autres auteurs : Philippe Larbier
Titre : Crète party
Support : Livres
Langue : Francais
Publié : DL 2020 Bamboo édition Charnay-lès-Mâcon
Series : Les petits Mythos
Genre : Bande Dessinée (enfants)
Collection : Les petits Mythos
Sujets :
Étiquettes :
Pas de tags
LEADER 01367nam0a2200229 450
001 16868339
010 |a 978-2-8189-7674-6  |b rel.  |d 11,95 € 
100 |a 20260529d2026 u u0frey01 ba 
101 0 |a fre 
102 |a FR 
200 0 |a Crète party  |f scénario, Cazenove  |g dessins, Larbier - couleurs, Alexandre Amouriq & Mirabelle 
207 1 |a   
210 |a Charnay-lès-Mâcon  |c Bamboo édition  |d DL 2020 
215 |a 1 vol. (53 p.-1 dépl.)  |c ill. en coul.  |d 30 cm 
225 1 |a Les petits Mythos  |v 11 
330 |a Inclus : le jeu LABY DE TOTOR !La mythologie grecque revisitée par un humour légendaire ! Mais où donc habite Poséidon ? Et pourquoi n'en sait-on pas plus sur ses enfants, Triton et Rhodé ? Et si on en profitait pour expliquer pourquoi c'est à cause du dieu de la mer qu'est né le Minotaure ?Et le Minotaure, pourquoi est-il obligé de vivre dans un labyrinthe construit par un certain Dédale sur ordre du roi Minos ? Les questions sont nombreuses, espérons que nos petits Mythos sauront apporter plus de réponses que de catastrophes ! 
461 0 |t Les petits Mythos  |v 11 
700 0 |a Cazenove  |b Christophe  |c scénariste BD  |f 1969-....  |4 70 
701 0 |a Larbier  |b Philippe  |f 1965-....  |4 70 
900 |a Bande Dessinée (enfants) 
901 |a Jeunesse 
995 |a Médiathèque  |c Médiathèque  |f 089021897  |h 089021897  |k BD PET  |o p  |q j  |r az  |e Médiathèque